MARC

LEADER 00000nam0a2200000 4500
001 254210
005 20231101232920.0
010 |a 5060002144 
020 |a RU  |b 89-59085 
035 |a (RuTPU)RU\TPU\book\276641 
090 |a 254210 
100 |a 20140319d1989 m a0rusy5003 ca 
101 0 |a rus  |a eng 
102 |a RU 
105 |a y z 001zy 
200 1 |a Английская грамматика для всех  |f И. П. Крылова, Е. В. Крылова 
210 |a Москва  |c Высшая школа  |d 1989 
215 |a 271 с. 
320 |a Предм. указ.: с. 261-268. 
606 1 |a Английский язык  |x Грамматика  |2 stltpush  |3 (RuTPU)RU\TPU\subj\29052  |9 52464 
610 1 |a части речи 
610 1 |a глаголы 
610 1 |a существительные 
610 1 |a артикли 
610 1 |a прилагательные 
610 1 |a синтаксис 
610 1 |a предложения 
686 |a Ш143.21-2  |2 rubbk 
700 1 |a Крылова  |b И. П.  |g Инна Павловна 
701 1 |a Крылова  |b Елена Владимировна  |g Е. В. 
801 0 |a RU  |b RuMRKP  |c 19950417  |g psbo 
801 1 |a RU  |b 63413507  |c 20140319 
801 2 |a RU  |b 63413507  |c 20140618  |g RCR 
942 |c BK